000 00571nam a22002297a 4500
003 UA-OsUOA
001 95900
007 ta
008 20130312b un ||||| |||| 00| 0 ukr d
100 _aКруссі Г.
090 _a821.133.1
_bК84
942 _cBK
040 _aUA-OsUOA
_bukr
_cUA-OsUOA
_dUA-OsUOA
245 _aХижак
_bроман
300 _a211 с.
955 _a3
041 _aukr
080 _a821.133.1
260 _aК.
_bДніпро
_c1983
650 7 _a82 Література. Літературознавство
_2UDC
999 _c382149
_d382149